| 000 | 01004nam a22002777a 4500 | ||
|---|---|---|---|
| 005 | 20110531104550.0 | ||
| 008 | 110531t xxu||||| |||| 00| 0 eng d | ||
| 010 | _aENG-102526 | ||
| 020 |
_a9788184503234 _c1550.00 |
||
| 035 | _aEN-86059 | ||
| 037 | _bDBAD / PUB | ||
| 040 |
_adpl _bEnglish |
||
| 082 | _a362.10954 | ||
| 100 |
_927410 _aKumar, R. |
||
| 110 | _927425 | ||
| 245 |
_aHealth and human development / _cby R. Kumar |
||
| 260 |
_aNew Delhi _bDeep & Deep Publications _c2011 |
||
| 270 |
_aF-159, Rajouri Garden _bNew Delhi _e110027 _k25435369,25440916 |
||
| 300 |
_axii, 380 p. : _c25cm (Hb) _bill. |
||
| 500 | _aIncludes index | ||
| 650 | _927411 | ||
| 700 | _927415 | ||
| 942 |
_adpl _cEN _2ddc _mKUM _h362.10954 |
||
| 999 |
_c52634 _d52634 |
||